Ładuje się......
Money, banking international trade and public finance /
| 1. autor: | |
|---|---|
| Format: | Printed Book |
| Język: | English |
| Wydane: |
New Delhi :
S, Chand,
1987
|
| LEADER | 00540nam a22001577a 4500 | ||
|---|---|---|---|
| 003 | OSt | ||
| 005 | 20200624134508.0 | ||
| 008 | 150916b xxu||||| |||| 00| 0 eng d | ||
| 082 | |a 332 MIS/M | ||
| 100 | |a Mishra, M. N. | ||
| 245 | |a Money, banking international trade and public finance / |c M. N. Mishra | ||
| 260 | |a New Delhi : |b S, Chand, |c 1987 | ||
| 300 | |a 730p. | ||
| 942 | |2 ddc |c BK | ||
| 999 | |c 321841 |d 321841 | ||
| 952 | |0 0 |1 0 |2 ddc |4 0 |6 332_000000000000000_MIS_M |7 0 |9 368280 |a CSC |b CSC |c ST1 |d 2015-09-16 |i 5308 |l 0 |o 332 MIS/M |p CSC5308 |r 2015-09-16 |w 2015-09-16 |y BK | ||